000 007110000a22002290004500
001 52392
010 _a972-42-2765-0
100 _a20161004d2016 k y0pory5003 ba
101 0 _apor
102 _aPT
200 1 _aA bela e o monstro
_fWalt Disney
_gtrad. Teresa Augusto
210 _a[Lisboa]
_cCírculo de Leitores
_d2002
215 _a112 p.
_ctodo il.
225 2 _aOs clássicos Disney
606 _92081
_aLiteratura estrangeira
_xConto
675 _a821.111(73)-34
_vBN
_zpor
700 1 _917425
_aDisney
_bWalt
_f1901-1966
702 1 _98071
_4730
_aAugusto
_bTeresa
801 _aPT
_c20161004
090 _a52392
942 _cMON
_n0
999 _a52392